|
|
|
|
| LEADER |
01309nam a22003494a 4500 |
| 001 |
33236 |
| 003 |
BD-DhAAL |
| 005 |
20211116163445.0 |
| 008 |
180707t2002 txua b s001 0 eng |
| 999 |
|
|
|c 39547
|d 39547
|
| 010 |
|
|
|a 2002001045
|
| 020 |
|
|
|a 0292743440 (alk. paper)
|
| 020 |
|
|
|a 9780292719576
|
| 040 |
|
|
|a DLC
|c DLC
|d DLC
|d BD-DhAAL
|
| 042 |
|
|
|a pcc
|
| 043 |
|
|
|a n-us---
|
| 050 |
0 |
0 |
|a NA5212
|b .K34 2002
|
| 082 |
0 |
0 |
|a 726.20973
|2 21
|
| 100 |
1 |
|
|a Kahera, Akel Ismail,
|d 1951-
|9 26552
|
| 245 |
1 |
0 |
|a Deconstructing the American mosque :
|b space, gender, and aesthetics /
|c Akel Ismail Kahera.
|
| 250 |
|
|
|a First edition
|
| 260 |
|
|
|a Austin :
|b University of Texas Press,
|c 2002.
|
| 300 |
|
|
|a xiii, 194 pages :
|b illustrations ;
|c 24 cm.
|
| 504 |
|
|
|a Includes bibliographical references (pages[179]-185) and index.
|
| 526 |
|
|
|a ARC
|
| 541 |
|
|
|a Trim Education
|e 33236
|
| 650 |
|
0 |
|a Mosques
|z United States.
|9 26553
|
| 650 |
|
0 |
|a Architecture
|z United States
|x History
|y 20th century.
|9 26554
|
| 650 |
|
0 |
|a Architecture
|9 42755
|
| 852 |
|
|
|a Ayesha Abed Library
|c General Stacks
|
| 942 |
|
|
|2 ddc
|c BK
|
| 952 |
|
|
|0 0
|1 0
|2 ddc
|4 0
|6 726_209730000000000_KAH
|7 0
|9 63560
|a BRACUL
|b BRACUL
|c GEN
|d 2018-07-03
|e Trim Education
|g 1635.00
|l 2
|m 3
|o 726.20973 KAH
|p 3010033236
|r 2021-12-23
|s 2021-12-15
|t 1
|v 1635.00
|w 2018-07-03
|y BK
|